| 000 | 00576 a2200169 4500 | ||
|---|---|---|---|
| 999 |
_c242 _d242 |
||
| 020 | _a9788472081314 | ||
| 050 | _aRA785 MEL 2008 | ||
| 100 |
_aMelgosa, Julian _eeditor |
||
| 245 |
_aLess stress! / _cJulian Melgosa |
||
| 264 |
_aMadrid : _bEditorial Safeliz, _c2008 |
||
| 300 |
_a189p. : _bill. (col.) |
||
| 500 | _aOriginal title in Spanish edition: Sin estres! Includes bibliographical references and index | ||
| 650 | _aStress (Psychology) | ||
| 650 | _aStress management | ||
| 650 |
_aStress (Psychology) -- Religious aspects _xChristianity |
||
| 942 |
_2lcc _cBK _h785 _iMEL _kRA |
||